<?xml version="1.0" encoding="UTF-8"?>
<record
    xmlns:xsi="http://www.w3.org/2001/XMLSchema-instance"
    xsi:schemaLocation="http://www.loc.gov/MARC21/slim http://www.loc.gov/standards/marcxml/schema/MARC21slim.xsd"
    xmlns="http://www.loc.gov/MARC21/slim">

  <leader>00484nam a22001577a 4500</leader>
  <controlfield tag="003">OSt</controlfield>
  <controlfield tag="005">20151228084342.0</controlfield>
  <controlfield tag="008">151228b        xxu||||| |||| 00| 0 eng d</controlfield>
  <datafield tag="040" ind1=" " ind2=" ">
    <subfield code="c">RUA </subfield>
  </datafield>
  <datafield tag="082" ind1=" " ind2=" ">
    <subfield code="a">AGI CHA 2006 B276 Or.1</subfield>
  </datafield>
  <datafield tag="100" ind1=" " ind2=" ">
    <subfield code="9">5609</subfield>
    <subfield code="a">CHAY CHIM ; &#x1785;&#x17B6;&#x1799; &#x1787;&#x17B8;&#x1798;</subfield>
  </datafield>
  <datafield tag="245" ind1=" " ind2=" ">
    <subfield code="a">Small-scale production, &#x1795;&#x179B;&#x17B7;&#x178F;&#x1780;&#x1798;&#x17D2;&#x1798;&#x179F;&#x17D2;&#x179A;&#x17B6;&#x179B;&#x179F;&#x17B6;&#x1780;&#x17B7;&#x1781;&#x17D2;&#x1793;&#x17B6;&#x178F;&#x178F;&#x17BC;&#x1785;</subfield>
  </datafield>
  <datafield tag="260" ind1=" " ind2=" ">
    <subfield code="a">Phnom Penh </subfield>
    <subfield code="b">RUA </subfield>
    <subfield code="c">2006</subfield>
  </datafield>
  <datafield tag="300" ind1=" " ind2=" ">
    <subfield code="a">ix; 36p.</subfield>
    <subfield code="b">ill.</subfield>
    <subfield code="c">29cm.</subfield>
  </datafield>
  <datafield tag="942" ind1=" " ind2=" ">
    <subfield code="2">ddc</subfield>
    <subfield code="c">AGI</subfield>
  </datafield>
  <datafield tag="999" ind1=" " ind2=" ">
    <subfield code="c">5224</subfield>
    <subfield code="d">5224</subfield>
  </datafield>
  <datafield tag="952" ind1=" " ind2=" ">
    <subfield code="0">0</subfield>
    <subfield code="1">0</subfield>
    <subfield code="2">ddc</subfield>
    <subfield code="4">0</subfield>
    <subfield code="6">AGI_CHA_2006_000000000000000_B276_OR_1</subfield>
    <subfield code="7">0</subfield>
    <subfield code="9">27844</subfield>
    <subfield code="a">LBB</subfield>
    <subfield code="b">LBB</subfield>
    <subfield code="c">B276</subfield>
    <subfield code="d">2015-12-28</subfield>
    <subfield code="l">1</subfield>
    <subfield code="o">AGI CHA 2006 B276 Or.1</subfield>
    <subfield code="p">RUA037838</subfield>
    <subfield code="r">2016-09-10</subfield>
    <subfield code="s">2016-08-29</subfield>
    <subfield code="w">2015-12-28</subfield>
    <subfield code="y">AGI</subfield>
  </datafield>
  <datafield tag="952" ind1=" " ind2=" ">
    <subfield code="0">0</subfield>
    <subfield code="1">0</subfield>
    <subfield code="2">ddc</subfield>
    <subfield code="4">0</subfield>
    <subfield code="6">AGI_CHA_2006_000000000000000_B276_OR_2</subfield>
    <subfield code="7">0</subfield>
    <subfield code="9">27845</subfield>
    <subfield code="a">LBB</subfield>
    <subfield code="b">LBB</subfield>
    <subfield code="c">B276</subfield>
    <subfield code="d">2015-12-28</subfield>
    <subfield code="l">2</subfield>
    <subfield code="o">AGI CHA 2006 B276 Or.2</subfield>
    <subfield code="p">RUA037885</subfield>
    <subfield code="r">2018-04-24</subfield>
    <subfield code="s">2018-04-04</subfield>
    <subfield code="w">2015-12-28</subfield>
    <subfield code="y">AGI</subfield>
  </datafield>
  <datafield tag="952" ind1=" " ind2=" ">
    <subfield code="0">0</subfield>
    <subfield code="1">0</subfield>
    <subfield code="2">ddc</subfield>
    <subfield code="4">0</subfield>
    <subfield code="6">AGI_CHA_2006_000000000000000_B276_OR_3</subfield>
    <subfield code="7">0</subfield>
    <subfield code="9">27846</subfield>
    <subfield code="a">LBB</subfield>
    <subfield code="b">LBB</subfield>
    <subfield code="c">B276</subfield>
    <subfield code="d">2015-12-28</subfield>
    <subfield code="l">3</subfield>
    <subfield code="o">AGI CHA 2006 B276 Or.3</subfield>
    <subfield code="p">RUA038410</subfield>
    <subfield code="r">2016-10-31</subfield>
    <subfield code="s">2016-10-17</subfield>
    <subfield code="w">2015-12-28</subfield>
    <subfield code="y">AGI</subfield>
  </datafield>
  <datafield tag="952" ind1=" " ind2=" ">
    <subfield code="0">0</subfield>
    <subfield code="1">0</subfield>
    <subfield code="2">ddc</subfield>
    <subfield code="4">0</subfield>
    <subfield code="6">AGI_CHA_2006_000000000000000_B276_OR_4</subfield>
    <subfield code="7">0</subfield>
    <subfield code="9">27847</subfield>
    <subfield code="a">LBB</subfield>
    <subfield code="b">LBB</subfield>
    <subfield code="c">B276</subfield>
    <subfield code="d">2015-12-28</subfield>
    <subfield code="l">1</subfield>
    <subfield code="o">AGI CHA 2006 B276 Or.4</subfield>
    <subfield code="p">RUA046498</subfield>
    <subfield code="r">2018-04-27</subfield>
    <subfield code="s">2018-03-27</subfield>
    <subfield code="w">2015-12-28</subfield>
    <subfield code="y">AGI</subfield>
  </datafield>
  <datafield tag="952" ind1=" " ind2=" ">
    <subfield code="0">0</subfield>
    <subfield code="1">0</subfield>
    <subfield code="2">ddc</subfield>
    <subfield code="4">0</subfield>
    <subfield code="6">AGI_CHA_2006_000000000000000_B276_OR_5</subfield>
    <subfield code="7">0</subfield>
    <subfield code="9">27848</subfield>
    <subfield code="a">LBB</subfield>
    <subfield code="b">LBB</subfield>
    <subfield code="c">B276</subfield>
    <subfield code="d">2015-12-28</subfield>
    <subfield code="l">1</subfield>
    <subfield code="o">AGI CHA 2006 B276 Or.5</subfield>
    <subfield code="p">RUA038153</subfield>
    <subfield code="r">2016-02-15</subfield>
    <subfield code="s">2016-01-21</subfield>
    <subfield code="w">2015-12-28</subfield>
    <subfield code="y">AGI</subfield>
  </datafield>
</record>
